000 01459nam a22003977a 4500
001 27
003 FISKH
005 20260422090133.0
008 230224b cb ||||| |||| 00| 0 eng d
010 _a 2007042957
020 _a9781423101468 (reinforced bdg.)
020 _a1423101464 (reinforced bdg.)
020 _a9780141346830
035 _a(OCoLC)ocn180753884
035 _a(OCoLC)180753884
040 _aDLC
_cDLC
_dIG#
_dBTCTA
_dBAKER
_dBIB
_dUPZ
_dYDXCP
_dWIQ
_dEHH
_dB2A
_dDLC
_dFISKH
_beng
042 _alcac
_alcac
050 0 0 _aPZ7
_b.R4829
082 0 0 _a813.6
100 1 _aRiordan, Rick.
245 1 4 _aThe battle of the Labyrinth /
_cRick Riordan
250 _a1st ed.
260 _aBungay
_bPuffin Books
_c2008
300 _a361 pages :
_c20 cm
490 1 _aPercy Jackson & the Olympians ;
_vBook 4
505 _aN
520 _aWhen demonic cheerleaders invade his high school, Percy Jackson hurries to Camp Half Blood, from whence he and his demigod friends set out on a quest through the Labyrinth, while the war between the Olympians and the evil Titan lord Kronos draws near.
521 0 8 _a590
_bLexile
521 _aN
_bRaz-Paz
600 1 0 _aJackson, Percy
_c(Fictitious character)
_vJuvenile fiction.
650 0 _aLabyrinths
_vJuvenile fiction.
650 1 _aMonsters
_vFiction.
800 1 _aRiordan, Rick.
_tPercy Jackson & the Olympians ;
_vBook 4
906 _a7
_bcbc
_corignew
_d1
_eecip
_f20
_gy-gencatlg
942 _2ddc
_cBK
_n0
999 _c27
_d27